000
00320nam a22001337a 4500
020
_a
9781118071922
040
_c
NUST
082
_a
670 MOD
100
_a
Koç, Muammer
_9
83809
110
_a
Özel, Tuğrul,
_9
83810
245
_a
Modern Manufacturing Processes
260
_a
USA:
_b
John Wiley,
_c
2020.
942
_2
ddc
_c
BK
999
_c
586681
_d
586681